| 000 | 00620 a2200217 4500 | ||
|---|---|---|---|
| 003 | 4367785 | ||
| 005 | 20250924152050.0 | ||
| 008 | 250924b |||||||| |||| 00| 0 eng d | ||
| 022 | _a25366637 | ||
| 040 |
_cNile University of Nigeria, Abuja _erda |
||
| 050 | _aK 60 .B65 | ||
| 082 | _aK 60 .B65 | ||
| 245 | _aUNIVERSITY OF MAIDUGURI JOURNAL OF ISLAMIC AND COMPARATIVE LAWS. | ||
| 250 | _aVol.1.No.1.,2016 | ||
| 260 |
_aBorno State _bUnimaid Press _c2016 |
||
| 264 |
_aBorno State _bUnimaid Press _c2016 |
||
| 300 | _bvii, 240 pg., 35 cm. | ||
| 336 | _2rdacontent | ||
| 338 | _2rdacarrier | ||
| 942 |
_2lcc _cSERIAL |
||
| 999 |
_c43653 _d43653 |
||